Score 0/15 Timer 02:00
2 Plays Today
Scrambled Word Answer % Correct
YKEKEY
99.8%
POOHHOOP
96.7%
LOUFFOUL
96.7%
NUDKDUNK
96.1%
COBKLBLOCK
90.5%
Theme that links them all:BASKETBALL
86.7%
CUKTEBBUCKET
86.1%
DRAWFORFORWARD
83.5%
Scrambled Word Answer % Correct
RADUGGUARD
79.6%
TENRCECENTER
75.2%
RAGCEHCHARGE
58.1%
STASISASSIST
55.7%
NAGRATFLFLAGRANT
47.4%
BOEDRUNREBOUND
35.6%
CATLINECHTECHNICAL
23%
Remove Ads.
Support Sporcle.
Get the best of Sporcle when you Go Orange. This ad-free experience offers more features, more stats, and more fun while also helping to support Sporcle. Thank you for becoming a member.

You're not logged in!

Compare scores with friends on all Sporcle quizzes.
OR
Log In

Show Comments

Extras

Top Quizzes Today


Score Distribution

Your Account Isn't Verified!

In order to create a playlist on Sporcle, you need to verify the email address you used during registration. Go to your Sporcle Settings to finish the process.

Report this User

Report this user for behavior that violates our Community Guidelines.

Details: